000 01455nam a2200337 4500
001 377
003 OSt
005 20250403093748.0
008 250403b |||||||g |||| 00| 0 eng d
020 _a8501044458
040 _bpor
041 _hdut
_apor
082 _a920
_bF828d
100 1 _aFrank, Anne,
_d1929-1945.
_9778
240 _aHet Achterhuis
245 _aO diário de Anne Frank /
_cFrank, Anne ; Tradução de Alves Calado
250 _a20° ed.
260 _aRio de Janeiro
_bRecord
_c2004
300 _a349 p.
520 _aENCONTRADO NO SÓTÃO onde a pequena Anne Frank morou os últimos anos de vida, seu diário se tornou um clássico em todo o mundo: uma poderosa lembrança sobre os horrores de uma guerra, um testemunho eloquente para o espírito humano. Em junho de 1942, quando os nazistas ocupavam a Holanda, a menina judia de apenas 13 anos, acompanhada por toda a família, deixou para trás a residência em Amsterdã e se refugiou no sótão de uma casa. Até o paradeiro dos Frank ser delatado a Gestapo, os integrantes da família viveram ao longo de dois anos enclausurados no "Anexo Secreto".
650 0 _aLiteratura holandesa
_9593
650 0 _a2° Guerra Mundial
_956
650 0 _aHolocausto
_9780
650 0 _aDrama
_918
650 0 _aClássicos
_977
650 0 _aFilme
_926
655 0 _aRomance
_923
655 0 _aNão Ficção
_9102
700 _aAlves Calado
_eTradutor
_9325
942 _2ddc
_n0
_cBK
999 _c377
_d377